UBT Library

L'Opéra de la Bastille : (Record no. 43736)

000 -LEADER
fixed length control field 00743cam a2200229 a 4500
001 - CONTROL NUMBER
control field 1057793
005 - DATE AND TIME OF LATEST TRANSACTION
control field 20180228092654.0
008 - FIXED-LENGTH DATA ELEMENTS--GENERAL INFORMATION
fixed length control field 900302s1989 fr a 000 0 fre
010 ## - LIBRARY OF CONGRESS CONTROL NUMBER
LC control number 90124955
020 ## - INTERNATIONAL STANDARD BOOK NUMBER
International Standard Book Number 2866530632
040 ## - CATALOGING SOURCE
Original cataloging agency DLC
Transcribing agency DLC
Modifying agency DLC
041 0# - LANGUAGE CODE
Language code of text/sound track or separate title freeng
043 ## - GEOGRAPHIC AREA CODE
Geographic area code e-fr---
080 ## - UNIVERSAL DECIMAL CLASSIFICATION NUMBER
Universal Decimal Classification number 725/.822094 CHA
082 00 - DEWEY DECIMAL CLASSIFICATION NUMBER
Classification number 725/.822094 CHA
Edition number 20
100 1# - Rafti
Rafti 44
101 ## - Shkurtesa
Shkurtesa ART
245 12 - TITLE STATEMENT
Title L'Opéra de la Bastille :
Statement of responsibility, etc Gérard Charlet ; préface, Pierre Boulez ; photographies, Felipe Ferré.
906 ## - LOCAL DATA ELEMENT F, LDF (RLIN)
a 7
b cbc
c orignew
d 3
e ncip
f 19
g y-gencatlg
942 ## - ADDED ENTRY ELEMENTS (KOHA)
Source of classification or shelving scheme
Item type Books
Holdings
Withdrawn status Lost status Source of classification or shelving scheme Damaged status Not for loan Collection code Permanent location Current location Shelving location Date acquired Total Checkouts Full call number Barcode Date last seen Price effective from Koha item type
          Koleksioni i përgjithshem UBT - Lipjan UBT - Lipjan Koleksioni i përgjithshem 02/28/2018   725/.822094 CHA 002-3000345 02/28/2018 02/28/2018 Books
UBT Library © 2015-2024. All rights reserved University Education for Business and Technology